000 00579nam a2200181Ia 4500
008 090630s9999 xx 000 0 und d
082 _b27624
100 _aबेडेकर विश्राम.
245 _aरणांगण.
_cबेडेकर विश्राम.
260 _bदेशमुख.
_c2003
300 _a114
600 _aबेडेकर विश्राम.
630 _aरणांगण.
655 _aकादंबरी.
700 _aबेडेकर विश्राम.
730 _aरणांगण.
942 _cBOOK
999 _c279480
_d279480